Państwa, które pokonują Szwajcarię - Statystyki

Ogólne statystyki
  • Ten quiz został rozwiązany 52 razy
  • Średni wynik to 10 z 17
Statystyki odpowiedzi
Ranga Wskazówka Państwa % Poprawnych
11 Najbogatsze państwo według dochodu na mieszkańca (PPP, 2019) Monako | Liechtenstein | Katar | Luksemburg | Singapur | Brunei | Irlandia | Zjednoczone Emiraty Arabskie | Kuwejt | Norwegia
100%
9 Flaga kraju z najwyższym procentem czerwonego Maroko | Chiny | Turcja | Wietnam | Kirgistan | Tunezja | Albania | Tonga
92%
7 Największe państwo śródlądowe w Europie Białoruś | Węgry | Serbia | Austria | Czechy | Słowacja
74%
11 Największa produkcja sera na mieszkańca Nowa Zelandia | Dania | Irlandia | Holandia | Islandia | Estonia | Łotwa | Niemcy | Austria | Litwa | Francja
72%
4 Najwyższa maksymalna wysokość w Europie Rosja | Francja | Włochy
69%
11 Najniższy wskaźnik morderstw (2000–2019) Watykan | San Marino | Andora | Japonia | Singapur | Katar | Bahrajn | Islandia | Brunei | Zjednoczone Emiraty Arabskie
69%
2 Najwięcej medali olimpijskich w narciarstwie alpejskim Austria
62%
4 Najdłuższy tunel drogowy Norwegia | Japonia | Chiny
62%
3 Najwyższa tama Chiny | Tadżykistan
56%
3 Najdłuższa jednowyrazowa nazwa państwa Liechtenstein | Turkmenistan
54%
2 Najwyższa średnia wysokość w Europie Andora
51%
4 Ostatnie przyjęcie do ONZ Timor Wschodni | Czarnogóra | Sudan Południowy
51%
14 Najdłuższy okres, odkąd państwo jest kontrolowane przez zagranicznego okupanta Wielka Brytania | San Marino | Turcja | Rosja | Szwecja | Bhutan | Oman | Nepal | Stany Zjednoczone | Portugalia | Andora | Hiszpania | Liechtenstein
41%
5 (t) Najwięcej języków urzędowych Boliwia | Zimbabwe | Republika Południowej Afryki | Etiopia
33%
2 Zawierający najludniejszy obszar zurbanizowanyzaczynający na Z Chiny
28%
2 Najmniejsze państwo pod względem powierzchni, które było gospodarzem igrzysk olimpijskich Belgia
26%
2 Najwięcej pasażerów podróżujących koleją na osobę (według przebytej odległości) Japonia
26%
Nie znaleziono quizów pasujących do podanych kryteriów
Rozkład punktacji
Procent ludzi z każdym wynikiem
Percentyl według liczby udzielonych odpowiedzi
Twoja historia wyników
Nie rozwiązałeś tego quizu